000 00613nac a22001451u 4500
008 080902s1961 ua||||||r||| 000 0 ra d
082 _a101
_bغ ز ا
_222
245 _aمقدمة تهافت الفلاسفة المسماة مقاصد الفلاسفة :
_bمنطق. وإلهيات. وطبيعيات /
_cالغزالي، تحقيق سليمان دنيا
260 _aالقاهرة :
_bدار المعارف، 1961
_c1961.
300 _a418 ص ;
_c24 سم .
500 _aيحتوي علي فهارس .
511 _aCatalogued by: Sara
541 _aالف باء؛
942 _cBB
_k101غ ز ا
_2ddc
999 _c7528
_d7528